Overlapping Word Chain VI Quiz Stats

 Plays Quiz not verified by Sporcle

Score 0/50 Timer 10:00
0 Plays Today
Hint Answer % Correct
The capital of the UKLondon
94.1%
Volume equal to four quartsgallon
93.4%
To read quickly and superficially, or low-fat type of milkskim
93.2%
Against the lawillegal
93.1%
Someone who does not live in a permanent settlementnomad
92.9%
Dot-based writing system used for the blindBraille
91.9%
To lounge or relax, e.g. in the warmth of the sunbask
91.3%
Television series about a high school singing groupGlee
90.8%
Johnny Carson's successor, JayLeno
90.2%
Comics company & DC rival that created SpidermanMarvel
86.9%
Unimportant, or an underage personminor
85.5%
USB drive used to enable software (e.g. via a license)dongle
84.5%
Large brown antelope and Chevy model namesakeimpala
83.9%
To break down food for absorption by the bodydigest
83.7%
Collection of tissues or keyboard instrumentorgan
83.3%
Australian feral dogdingo
81.9%
Geologic time span longer than a period, shorter than an eonera
81.1%
Small animals considered pestsvermin
77.8%
Deadly 'green' or 'black' cobra relativemamba
77.2%
A glyph from an alphabet, or a message sent via postletter
76.8%
Colombia's 3rd largest city, or western US state for shortCali
75.1%
Plant of the blueberry family, or actress Locklearheather
74.7%
Muslim prayer leaderimam
73.9%
Famous sitarist, ShankarRavi
69.7%
Type of hands often described as 'the Devil's playthings'idle
69.4%
Hint Answer % Correct
Long or idle talk, from a root that just means 'word'palaver
68.8%
Mischevious or cheeky person, like Alfalfarascal
67.7%
Non-BB projectile that may be fired from an air riflepellet
67.1%
To snare, or for police, to coax someone into lawbreakingentrap
67%
Former name of ChennaiMadras
65.8%
Wheeled stretcher used to move patients (American)gurney
65.8%
In Catholicism, a deputy acting on behalf of a bishopvicar
65.6%
Opera of 'Habanera', or fictional thief, SandiegoCarmen
65%
To slide down a cliff face on a roperappel
63.5%
Captain of Brazil's national football team, da Silva Santos Jr.Neymar
63%
German for 'human'. Connotes good character in YiddishMensch
57.8%
Sapsucking, honeydew secreting bugs, often farmed by antsaphid
53.1%
The darkest part of a shadowumbra
52.2%
Prominent and respected, or the state's type of 'domain'eminent
51.9%
'Heights' near Mt. Hermon occupied by IsraelGolan
49.9%
Musical instrument played without physical contacttheremin
49.5%
Masses of nerve cells, e.g. basal _______ (plural)ganglia
49.2%
The soft palate, where /k/ & /g/ sounds are formedvelum
48.6%
'Graven image' in Hebrew, not a type of angelteraph
48.1%
Term used in Arab countries for a valley, ditch, or gullywadi
44.8%
Unaccented vowel sound in English, written as 'ə'schwa
43.3%
Water-soluble gluten protein that helps bread risegliadin
41.2%
South Asian colobus monkey relativelangur
39.5%
King Thestius' daughter & Meleager's mother in Greek mythAlthea
32.1%
Structure or image that is 'more than the sum of its parts'gestalt
29.1%

You're not logged in!

Compare scores with friends on all Sporcle quizzes.
OR
Log In

Show Comments

Extras

Top Quizzes Today


Score Distribution

Your Account Isn't Verified!

In order to create a playlist on Sporcle, you need to verify the email address you used during registration. Go to your Sporcle Settings to finish the process.

Report this User

Report this user for behavior that violates our Community Guidelines.

Details: